Hot and cold

Bibliographic Details
Main Author: Mellett, Peter
Format: Book
Published: London : Franklin Watts , 1992
Subjects:

MARC

LEADER 00000cam a2200000 7i4500
001 0000004090
002 000004402
005 20060123.0
020 |a 0749609273 
090 0 0 |a 600   |b MEL 
100 1 |a Mellett, Peter 
245 1 0 |a Hot and cold   |c Peter Mellett and Jane Rossiter 
260 |a London :   |b Franklin Watts ,   |c 1992 
300 |a 32p. :   |b ill ;   |c 26cm. 
650 0 0 |a Cookery 
999 |a 037286   |b BUKU   |c JUNIOR BOOKS   |e PERPUSTAKAAN KOMUNITI PETALING JAYA